书目信息 |
| 题名: |
旅游促销概论
|
|
| 作者: | 吕和发 , 任林静 编著 | |
| 分册: | ||
| 出版信息: | 北京 旅游教育出版社 2002.07 |
|
| 页数: | 396页 | |
| 开本: | 20cm | |
| 丛书名: | 旅游专业系列教材 | |
| 单 册: | ||
| 中图分类: | F590.8 | |
| 科图分类: | ||
| 主题词: | 旅游市场--市场营销学--教材 | |
| 电子资源: | ||
| ISBN: | 7-5637-1033-7 | |
| 000 | 00976nam 2200277 450 | |
| 001 | 0100321020 | |
| 005 | 20050912110327.64 | |
| 010 | @a7-5637-1033-7@dCNY18.50 | |
| 100 | @a20021116d2002 em y0chiy0110 ea | |
| 101 | 0 | @achi |
| 102 | @aCN@b110000 | |
| 105 | @aa a 000yy | |
| 200 | 1 | @a旅游促销概论@Alu you cu xiao gai lun@f吕和发, 任林静编著@Flu he fa,ren lin jing bian zhu |
| 210 | @a北京@c旅游教育出版社@d2002.07 | |
| 215 | @a396页@c图@d20cm | |
| 225 | 2 | @a旅游专业系列教材 |
| 320 | @a有书目 (第394-396页)。 | |
| 330 | @a本书主要内容包括:市场营销组合与旅游促销组合;旅游促销与促销环境、信息传播、消费者行动;市场细分与市场的定位;市场调查研究;促销活动策划与实施的具体步骤等。 | |
| 333 | @a高等院校旅游专业教材 | |
| 410 | 0 | @12001 @a旅游专业系列教材 |
| 606 | 0 | @a旅游市场@x市场营销学@x教材 |
| 690 | @aF590.8@v4 | |
| 701 | 0 | @a吕和发@Alu he fa@4编著 |
| 701 | 0 | @a任林静@Aren lin jing@4编著 |
| 801 | 0 | @aCN@bQSSK@c20050912 |
| 905 | @a10447@dF590.8@eL890 | |
| 旅游促销概论/吕和发, 任林静编著.-北京:旅游教育出版社,2002.07 |
| 396页:图;20cm.-(旅游专业系列教材) |
| 使用对象:高等院校旅游专业教材 |
| ISBN 7-5637-1033-7:CNY18.50 |
| 本书主要内容包括:市场营销组合与旅游促销组合;旅游促销与促销环境、信息传播、消费者行动;市场细分与市场的定位;市场调查研究;促销活动策划与实施的具体步骤等。 |
| ● |
| 相关链接 |
|
|
|
正题名:旅游促销概论
索取号:F590.8/L890
 
预约/预借
| 序号 | 登录号 | 条形码 | 馆藏地/架位号 | 状态 | 备注 |
| 1 | 569136 | 205691367 | 社科库409/409社科库 39排4列5层/ [索取号:F590.8/L890] | 在馆 | |
| 2 | 569137 | 205691376 | 社科二线422/409社科库 39排4列5层/ [索取号:F590.8/L890] | 在馆 | |
| 3 | 569138 | 205691385 | 社科库409/409社科库 39排4列5层/ [索取号:F590.8/L890] | 在馆 |